| 000 | 00930nam a22002777a 4500 | ||
|---|---|---|---|
| 005 | 20140313100410.0 | ||
| 008 | 140109b xxu||||| |||| 00| 0 eng d | ||
| 020 | _a9781133110880 | ||
| 050 |
_aHF 5547.5 _b.Ol48 2013 |
||
| 100 | _aOliverio, Mary Ellen. | ||
| 245 |
_aThe office : _bprocedures and technology / _cMary Ellen Oliverio, William Robert Pasewark, Bonnie Roe White, Dianne S Rankin. |
||
| 250 | _a6th ed. | ||
| 260 |
_aMason, Ohio : _bSouth-Western, Cengage Learning, _c2013. |
||
| 300 |
_axxii, 531 p. : _bill. ; _c28 cm. |
||
| 504 | _aIncludes Index. | ||
| 521 | _aBSBA | ||
| 650 |
_aOffice practice _xAutomation. |
||
| 650 | _aOffice procedures. | ||
| 650 | _aOffice management. | ||
| 700 |
_aOliverio, Mary Ellen _eauthor. |
||
| 700 |
_aPasewark, William R. _eauthor. |
||
| 700 |
_aWhite, Bonnie R. _eauthor. |
||
| 700 |
_aRankin, Dianne S. _eauthor. |
||
| 942 |
_2lcc _cBK _kFOR |
||
| 999 |
_c25986 _d25986 |
||